[Event "Czech Open Rapid 2019"]
[Site "Pardubice"]
[Date "2019.07.17"]
[Round "1.24"]
[White "Poleg, Matan"]
[Black "Sahidi, Samir"]
[Result "1-0"]
[WhiteElo "2226"]
[BlackElo "2369"]
[Annotator "NA"]
[PlyCount "157"]
[EventDate "2019.07.17"]
[EventType "swiss"]
[EventCountry "CZE"]
[SourceTitle "playchess.com"]
[Source "ChessBase"]
[SourceQuality "1"]

1. d4 Nf6 2. Nf3 d5 3. c4 c6 4. e3 Bf5 5. Nc3 e6 6. Be2 h6 7. Bd3 Bxd3 8. Qxd3 Nbd7 9. O-O Be7 10. e4 dxe4 11. Nxe4 Nxe4 12. Qxe4 O-O 13. Bd2 Qb6 14. Bc3 Bb4 15. Qc2 Bxc3 16. Qxc3 Rfd8 17. Rad1 Nf6 18. b3 Qc7 19. Qe3 Qa5 20. Rd2 Rd6 21. Rfd1 Rad8 22. h3 Qf5 23. Qe5 Qe4 24. Qa5 a6 25. Qb6 Qf5 26. Qxb7 Ne4 27. Re2 a5 28. Rde1 Ng5 29. Nxg5 Qxg5 30. Qb6 Rxd4 31. Qxc6 Qf6 32. Qc5 a4 33. bxa4 Qf4 34. Qb6 Rb8 35. Qa7 Rxc4 36. a5 Rcc8 37. Re4 Qd2 38. R4e2 Qb4 39. Re4 Qa3 40. Rf4 Qf8 41. Rd1 Ra8 42. Qb7 Rcb8 43. Qc7 Rc8 44. Qb6 Qe7 45. Rb4 Rc7 46. Rbd4 Kh7 47. a6 Rca7 48. Ra4 Qf6 49. Qd6 Qf5 50. Rd3 e5 51. Rb3 Rd7 52. Qc6 Raa7 53. Qb6 f6 54. Rc4 Qg6 55. Rc8 Qe4 56. Qb8 Kg6 57. Rg3+ Kf5 58. Rd8 Rxd8 59. Qxd8 Qc6 60. Qd3+ e4 61. Qd1 Ke6 62. Qg4+ Ke5 63. f4+ Kd6 64. Qd1+ Qd5 65. Qa4 Qc5+ 66. Kh2 Ke6 67. Qxe4+ Kf7 68. Qg6+ Kf8 69. Rd3 Qc7 70. Qf5 Rxa6 71. Rd7 Qc6 72. Rd8+ Ke7 73. Rc8 Qe6 74. Qc5+ Kf7 75. Qh5+ g6 76. Rc7+ Ke8 77. Qb5+ Kf8 78. Qb8+ Qe8 79. Rc8 1-0

[Event "Czech Open Rapid 2019"]
[Site "Pardubice"]
[Date "2019.07.17"]
[Round "1.24"]
[White "Effenberger, Adam"]
[Black "Grabinsky, Vladimir"]
[Result "0-1"]
[WhiteElo "1797"]
[BlackElo "2226"]
[Annotator "NA"]
[PlyCount "53"]
[EventDate "2019.07.17"]
[EventType "swiss"]
[EventCountry "CZE"]
[SourceTitle "playchess.com"]
[Source "ChessBase"]
[SourceQuality "1"]

1. e4 c5 2. Nf3 e6 3. d4 cxd4 4. Nxd4 a6 5. Bd3 Bc5 6. Nb3 Ba7 7. Nc3 Nc6 8. Qg4 Nf6 9. Qh4 Ne5 10. O-O b5 11. Bg5 h6 12. Qh3 O-O 13. Bxh6 gxh6 14. Qxh6 Nfg4 15. Qf4 Qf6 16. Qg3 Qg7 17. Be2 Bb7 18. Rad1 Rac8 19. Bxg4 Nxg4 20. Rxd7 Bb8 21. f4 Ba7+ 22. Nd4 Bxd4+ 23. Rxd4 Qxd4+ 24. Kh1 Qg7 25. f5 b4 26. Ne2 Rxc2 27. f6 0-1

[Event "Czech Open Rapid 2019"]
[Site "Pardubice"]
[Date "2019.07.17"]
[Round "1.25"]
[White "Panesso Rivera, Henry"]
[Black "Svoboda, Petr"]
[Result "1-0"]
[WhiteElo "2380"]
[BlackElo "2088"]
[Annotator "NA"]
[PlyCount "77"]
[EventDate "2019.07.17"]
[EventType "swiss"]
[EventCountry "CZE"]
[SourceTitle "playchess.com"]
[Source "ChessBase"]
[SourceQuality "1"]

1. Nf3 Nf6 2. c4 g6 3. g3 Bg7 4. Bg2 d6 5. O-O c6 6. d4 O-O 7. Nc3 Nbd7 8. b3 Qc7 9. Bb2 e5 10. e3 Nh5 11. Ba3 exd4 12. Nxd4 Nc5 13. b4 Ne6 14. Rc1 Nxd4 15. exd4 Nf6 16. d5 Bg4 17. Qd2 Rad8 18. h3 Bf5 19. g4 Bc8 20. Rfd1 Rfe8 21. dxc6 bxc6 22. b5 c5 23. g5 Nh5 24. Nd5 Qd7 25. Re1 Bb7 26. Nf4 Bxg2 27. Kxg2 Nxf4+ 28. Qxf4 Be5 29. Qf3 Re7 30. Rcd1 Qe6 31. Rd5 Qc8 32. Bxc5 dxc5 33. Rdxe5 Red7 34. Re7 Rxe7 35. Rxe7 Qf5 36. Qxf5 gxf5 37. Rxa7 Rd4 38. b6 Rxc4 39. Ra8+ 1-0

[Event "Czech Open Rapid 2019"]
[Site "Pardubice"]
[Date "2019.07.17"]
[Round "1.25"]
[White "Yandarbiev, Ruslan"]
[Black "Eliseev, Sergey"]
[Result "1-0"]
[WhiteElo "2270"]
[BlackElo "2053"]
[Annotator "NA"]
[PlyCount "65"]
[EventDate "2019.07.17"]
[EventType "swiss"]
[EventCountry "CZE"]
[SourceTitle "playchess.com"]
[Source "ChessBase"]
[SourceQuality "1"]

1. e4 c5 2. Nf3 d6 3. Nc3 Nc6 4. d4 cxd4 5. Nxd4 e6 6. Be2 Be7 7. O-O Nf6 8. Be3 Bd7 9. f4 Nxd4 10. Qxd4 Bc6 11. Rad1 O-O 12. a4 a5 13. Bf3 Nd7 14. Nb5 Nc5 15. Nxd6 Bxd6 16. Qxd6 Qxd6 17. Rxd6 Nxe4 18. Rxc6 bxc6 19. Bxe4 Rfc8 20. Rd1 Rab8 21. b3 c5 22. Bd3 g6 23. Bb5 Kg7 24. Rd7 Ra8 25. Bd2 Kf8 26. Bc3 h6 27. Kf2 Rcb8 28. Bf6 h5 29. Ke3 Rc8 30. h3 Rcb8 31. g4 hxg4 32. hxg4 Rc8 33. Rd1 1-0

[Event "Czech Open Rapid 2019"]
[Site "Pardubice"]
[Date "2019.07.17"]
[Round "1.26"]
[White "Brejnik, Gustav"]
[Black "Domogaev, Sergey"]
[Result "1-0"]
[WhiteElo "2179"]
[BlackElo "2332"]
[Annotator "NA"]
[PlyCount "95"]
[EventDate "2019.07.17"]
[EventType "swiss"]
[EventCountry "CZE"]
[SourceTitle "playchess.com"]
[Source "ChessBase"]
[SourceQuality "1"]

1. d4 d6 2. c4 e5 3. Nc3 Nd7 4. Nf3 Ngf6 5. g3 g6 6. Bg2 Bg7 7. O-O O-O 8. h3 Re8 9. e4 exd4 10. Nxd4 Nc5 11. Re1 a5 12. Qc2 c6 13. Be3 a4 14. Rad1 Qa5 15. Bf4 a3 16. b3 Bf8 17. Nf3 Qc7 18. e5 Bf5 19. Qc1 Nh5 20. exd6 Rxe1+ 21. Nxe1 Qd7 22. Be3 b6 23. g4 Bxg4 24. hxg4 Qxg4 25. Rd4 Qe6 26. Bxc6 Rd8 27. Bd5 Qh3 28. Bg2 Qe6 29. Qd2 Rxd6 30. Rxd6 Bxd6 31. Nf3 Be7 32. Nd5 Bd6 33. Nxb6 Ne4 34. Qd3 Nf4 35. Bxf4 Bxf4 36. Nd4 Qxb6 37. Qxe4 Bd6 38. Qa8+ Kg7 39. Qd5 Bc5 40. Nc6 Bxf2+ 41. Kf1 Bc5 42. Qe5+ f6 43. Qd5 Bf8 44. Nd8 Qb4 45. Qf7+ Kh6 46. Qxf6 Be7 47. Nf7+ Kh5 48. Bf3# 1-0

[Event "Czech Open Rapid 2019"]
[Site "Pardubice"]
[Date "2019.07.17"]
[Round "1.26"]
[White "Malygin, Vladislav"]
[Black "Bykova, Anastasia"]
[Result "0-1"]
[WhiteElo "1855"]
[BlackElo "2229"]
[Annotator "NA"]
[PlyCount "110"]
[EventDate "2019.07.17"]
[EventType "swiss"]
[EventCountry "CZE"]
[SourceTitle "playchess.com"]
[Source "ChessBase"]
[SourceQuality "1"]

1. c4 c6 2. e4 d5 3. exd5 cxd5 4. d4 Nf6 5. Nc3 e6 6. Bg5 Be7 7. Nf3 Nc6 8. c5 h6 9. Bf4 Ne4 10. Bd3 Nxc3 11. bxc3 O-O 12. O-O b6 13. cxb6 axb6 14. Ne5 Nxe5 15. dxe5 Ba6 16. Re1 Bxd3 17. Qxd3 Ra3 18. Re3 Bg5 19. Bxg5 Qxg5 20. Qd4 Rc8 21. h4 Qf5 22. Qb4 Rca8 23. Qxb6 Rxa2 24. Rxa2 Rxa2 25. Re1 Rd2 26. Qc5 d4 27. Rf1 dxc3 28. Qxc3 Re2 29. f4 Qe4 30. Qf3 Qd4+ 31. Kh2 Qd2 32. Qg4 Kh7 33. Rf3 g6 34. Rg3 h5 35. Qg5 Rf2 36. f5 Qxg5 37. Rxg5 exf5 38. Kg3 Re2 39. Kf4 Re4+ 40. Kf3 Rxh4 41. Rg3 Re4 42. Rh3 Rxe5 43. Rh1 Kg7 44. Rb1 Ra5 45. Rb6 g5 46. Kg3 Ra3+ 47. Kf2 f4 48. Rc6 f6 49. Rc7+ Kg6 50. Rc5 h4 51. Rc8 Kf5 52. Rc6 Ra2+ 53. Kg1 Kg4 54. Rxf6 Kg3 55. Rg6 Ra1# 0-1

[Event "Czech Open Rapid 2019"]
[Site "Pardubice"]
[Date "2019.07.17"]
[Round "1.27"]
[White "Zpevak, Pavel"]
[Black "Yakimenko, Alexander A."]
[Result "1-0"]
[WhiteElo "2343"]
[BlackElo "2057"]
[Annotator "NA"]
[PlyCount "85"]
[EventDate "2019.07.17"]
[EventType "swiss"]
[EventCountry "CZE"]
[SourceTitle "playchess.com"]
[Source "ChessBase"]
[SourceQuality "1"]

1. d4 e6 2. Nf3 Nf6 3. c4 b6 4. g3 Ba6 5. b3 Bb4+ 6. Bd2 Be7 7. Bg2 O-O 8. O-O c6 9. Bc3 d5 10. Nbd2 Nbd7 11. Re1 Ne4 12. Nxe4 dxe4 13. Nd2 f5 14. f3 c5 15. fxe4 cxd4 16. Bxd4 e5 17. Bf2 f4 18. Nf3 Bb7 19. Qc2 fxg3 20. Bxg3 Bc5+ 21. Kh1 Qe8 22. Rad1 Nf6 23. Rd5 Ng4 24. Qd2 Qh5 25. e3 Rae8 26. b4 Nf6 27. Ng1 Nxd5 28. exd5 Be7 29. d6 Bxg2+ 30. Qxg2 Bd8 31. c5 bxc5 32. bxc5 e4 33. c6 Bb6 34. d7 Re6 35. c7 Bxc7 36. Bxc7 Qd5 37. d8=Q Rxd8 38. Bxd8 Qxd8 39. Nh3 Qa5 40. Rf1 Qa3 41. Ng5 Re5 42. Qh3 h6 43. Qc8+ 1-0

[Event "Czech Open Rapid 2019"]
[Site "Pardubice"]
[Date "2019.07.17"]
[Round "1.27"]
[White "Castrillon Gomez, Melissa"]
[Black "Ilkiv, Andrii"]
[Result "1-0"]
[WhiteElo "2245"]
[BlackElo "1703"]
[Annotator "NA"]
[PlyCount "69"]
[EventDate "2019.07.17"]
[EventType "swiss"]
[EventCountry "CZE"]
[SourceTitle "playchess.com"]
[Source "ChessBase"]
[SourceQuality "1"]

1. d4 Nf6 2. g3 d5 3. Nf3 e6 4. c4 Be7 5. Bg2 O-O 6. O-O dxc4 7. Qc2 a6 8. Qxc4 b5 9. Qc2 Bb7 10. Bd2 Nbd7 11. Ba5 Ra7 12. Nbd2 Qa8 13. b4 Rc8 14. Nb3 Be4 15. Qd2 Nd5 16. Rac1 N7b6 17. a3 Nc4 18. Qa2 Bg5 19. Nxg5 Bxg2 20. Rfe1 h6 21. e4 hxg5 22. Kxg2 Nf6 23. Nc5 Rd8 24. Rxc4 bxc4 25. Qxc4 Qc6 26. Qc3 Raa8 27. Qe3 Rd6 28. Rc1 Qb5 29. a4 Qb8 30. e5 Nd5 31. Qxg5 Rc6 32. Kh3 Nxb4 33. Nd7 Qd8 34. Nf6+ Kf8 35. Bxb4+ 1-0

[Event "Czech Open Rapid 2019"]
[Site "Pardubice"]
[Date "2019.07.17"]
[Round "1.28"]
[White "Jun, Rudolf Jr."]
[Black "Skliba, Martin"]
[Result "0-1"]
[WhiteElo "2200"]
[BlackElo "2306"]
[Annotator "NA"]
[PlyCount "96"]
[EventDate "2019.07.17"]
[EventType "swiss"]
[EventCountry "CZE"]
[SourceTitle "playchess.com"]
[Source "ChessBase"]
[SourceQuality "1"]

1. e4 c5 2. Nf3 e6 3. c4 a6 4. Nc3 Qc7 5. Be2 d6 6. d4 cxd4 7. Nxd4 Nf6 8. Be3 Nbd7 9. O-O b6 10. f3 Bb7 11. Rc1 Be7 12. Qd2 O-O 13. Rfd1 Rac8 14. a3 Qb8 15. Kh1 Bd8 16. Bg1 Bc7 17. Rb1 h5 18. b4 h4 19. Na4 h3 20. Bf1 hxg2+ 21. Bxg2 Ne5 22. Qe2 Ng6 23. Qe3 d5 24. exd5 exd5 25. c5 Bf4 26. Qf2 b5 27. Nc3 Rce8 28. Re1 Be5 29. Qd2 Nf4 30. a4 bxa4 31. b5 axb5 32. Rxb5 Nxg2 33. Kxg2 Qc7 34. Reb1 Bc8 35. Re1 Qd7 36. Kh1 Bf4 37. Qf2 Rxe1 38. Qxe1 Re8 39. Qf1 a3 40. Ra5 Bd2 41. Rxa3 Qc7 42. Na4 Qf4 43. Rd3 Ba6 44. c6 Re1 45. Qf2 Bxd3 46. c7 Ba6 47. Nb6 Ng4 48. Qg2 Qxd4 0-1

[Event "Czech Open Rapid 2019"]
[Site "Pardubice"]
[Date "2019.07.17"]
[Round "1.28"]
[White "Chrz, Pavel"]
[Black "Potapov, Alexander"]
[Result "0-1"]
[WhiteElo "1985"]
[BlackElo "2409"]
[Annotator "NA"]
[PlyCount "50"]
[EventDate "2019.07.17"]
[EventType "swiss"]
[EventCountry "CZE"]
[SourceTitle "playchess.com"]
[Source "ChessBase"]
[SourceQuality "1"]

1. e4 e5 2. Nf3 Nc6 3. Bb5 Nd4 4. Bc4 Nxf3+ 5. Qxf3 Qf6 6. Qb3 Bc5 7. O-O c6 8. d4 Bxd4 9. Be3 b5 10. Bxd4 bxc4 11. Qxc4 exd4 12. e5 Qf4 13. Nc3 Ne7 14. Rad1 O-O 15. Rxd4 Qxe5 16. Re4 Qf6 17. Qe2 Ng6 18. Re8 d5 19. Re1 Bd7 20. Rxa8 Rxa8 21. Qa6 Qd8 22. Na4 Nh4 23. Qb7 Rb8 24. Qxa7 Ra8 25. Qd4 Qg5 0-1

[Event "Czech Open Rapid 2019"]
[Site "Pardubice"]
[Date "2019.07.17"]
[Round "1.29"]
[White "Burdalev, Kirill"]
[Black "Gorbatenko, Alexander"]
[Result "1-0"]
[WhiteElo "2385"]
[BlackElo "2048"]
[Annotator "NA"]
[PlyCount "65"]
[EventDate "2019.07.17"]
[EventType "swiss"]
[EventCountry "CZE"]
[SourceTitle "playchess.com"]
[Source "ChessBase"]
[SourceQuality "1"]

1. d4 Nf6 2. Nf3 d5 3. Bf4 e6 4. e3 c5 5. Nbd2 Nc6 6. c3 Bd6 7. Bg3 O-O 8. Bd3 b6 9. Qe2 Bb7 10. Rd1 cxd4 11. exd4 Re8 12. Ne5 Ne7 13. O-O Nf5 14. Bf4 Bf8 15. Rfe1 Rc8 16. h3 Nd6 17. Bg5 Be7 18. Bb1 Nfe4 19. Bxe7 Qxe7 20. Nf1 Bc6 21. Qc2 g6 22. f3 Nf6 23. Ne3 Bb5 24. g4 Qf8 25. Qf2 Rc7 26. Qh4 Qg7 27. g5 Nd7 28. N3g4 Nxe5 29. dxe5 Nf5 30. Bxf5 exf5 31. Nf6+ Kh8 32. Nxe8 Bxe8 33. Rxd5 1-0

[Event "Czech Open Rapid 2019"]
[Site "Pardubice"]
[Date "2019.07.17"]
[Round "1.29"]
[White "Varitski, Igor"]
[Black "BROZKA JUN, KAREL."]
[Result "1-0"]
[WhiteElo "2199"]
[BlackElo "1709"]
[Annotator "NA"]
[PlyCount "83"]
[EventDate "2019.07.17"]
[EventType "swiss"]
[EventCountry "CZE"]
[SourceTitle "playchess.com"]
[Source "ChessBase"]
[SourceQuality "1"]

1. e4 c6 2. d4 d5 3. Nc3 dxe4 4. Nxe4 Nd7 5. Bc4 Ngf6 6. Ng5 e6 7. Qe2 Nb6 8. Bd3 Be7 9. N1f3 O-O 10. Bd2 h6 11. Ne4 Nbd5 12. O-O-O Qc7 13. Nxf6+ Nxf6 14. g4 Nd5 15. Ne5 c5 16. dxc5 Bf6 17. f4 b6 18. c6 a5 19. h4 g6 20. g5 Bxe5 21. fxe5 h5 22. Bb5 Ne7 23. Qe4 Ba6 24. a4 Nf5 25. Rhe1 Rfd8 26. Bc3 Bxb5 27. axb5 Ne7 28. b3 Rd5 29. Bb2 Rad8 30. c4 Rxd1+ 31. Rxd1 Nf5 32. Ba3 Rxd1+ 33. Kxd1 Qd8+ 34. Bd6 Ne7 35. c7 Qd7 36. Qa8+ Kg7 37. Qd8 Qc8 38. Qxe7 Qb7 39. Qf8+ Kh7 40. Qxf7+ Kh8 41. Qe8+ Kh7 42. Qd7+ 1-0

[Event "Czech Open Rapid 2019"]
[Site "Pardubice"]
[Date "2019.07.17"]
[Round "1.30"]
[White "Rakshitta Ravi"]
[Black "Rosko, Lubos"]
[Result "1-0"]
[WhiteElo "2112"]
[BlackElo "2309"]
[Annotator "NA"]
[PlyCount "79"]
[EventDate "2019.07.17"]
[EventType "swiss"]
[EventCountry "CZE"]
[SourceTitle "playchess.com"]
[Source "ChessBase"]
[SourceQuality "1"]

1. e4 c5 2. Nc3 Nc6 3. Bb5 Nd4 4. Bc4 e6 5. Nf3 Nf6 6. O-O a6 7. d3 d5 8. exd5 exd5 9. Nxd5 Nxd5 10. Nxd4 cxd4 11. Qh5 Be7 12. Bxd5 O-O 13. Bf4 g6 14. Qf3 Bg4 15. Bxf7+ Rxf7 16. Qxg4 Qb6 17. b3 h5 18. Qg3 Rc8 19. Rac1 Ba3 20. Rce1 Rxc2 21. Re8+ Rf8 22. Rfe1 Rxe8 23. Rxe8+ Kf7 24. Re4 Rxa2 25. h3 Bf8 26. Be5 Bh6 27. Bxd4 Qc6 28. Qe5 Rc2 29. Qe7+ Kg8 30. Be3 Bxe3 31. Qd8+ Kh7 32. Re7+ Kh6 33. Qf8+ Kg5 34. Re5+ Kh4 35. Qe7+ g5 36. Re4+ Qxe4 37. Qxe4+ Bf4 38. g3+ Kxh3 39. Qf5+ g4 40. Qxh5# 1-0

[Event "Czech Open Rapid 2019"]
[Site "Pardubice"]
[Date "2019.07.17"]
[Round "1.30"]
[White "Flajsman, Pavel"]
[Black "Biolek, Richard Jr."]
[Result "0-1"]
[WhiteElo "1917"]
[BlackElo "2447"]
[Annotator "NA"]
[PlyCount "52"]
[EventDate "2019.07.17"]
[EventType "swiss"]
[EventCountry "CZE"]
[SourceTitle "playchess.com"]
[Source "ChessBase"]
[SourceQuality "1"]

1. d4 Nc6 2. Nf3 d5 3. g3 Bf5 4. Bg2 Qd7 5. O-O O-O-O 6. c3 Bh3 7. b4 f6 8. a4 h5 9. a5 h4 10. b5 Nb8 11. b6 cxb6 12. axb6 a6 13. Bf4 hxg3 14. fxg3 e5 15. dxe5 Bc5+ 16. Rf2 Bxg2 17. Kxg2 Qh3+ 18. Kg1 g5 19. Bxg5 Bxf2+ 20. Kxf2 fxg5 21. Qd4 Ne7 22. Qc5+ Nec6 23. Na3 Nd7 24. Qd6 Nxb6 25. Qc5 Nd7 26. Qxd5 Ndxe5 0-1

[Event "Czech Open Rapid 2019"]
[Site "Pardubice"]
[Date "2019.07.17"]
[Round "1.31"]
[White "Polschikov, Alexey"]
[Black "Dixit, Nikhil"]
[Result "1-0"]
[WhiteElo "2375"]
[BlackElo "2318"]
[Annotator "NA"]
[PlyCount "143"]
[EventDate "2019.07.17"]
[EventType "swiss"]
[EventCountry "CZE"]
[SourceTitle "playchess.com"]
[Source "ChessBase"]
[SourceQuality "1"]

1. Nf3 g6 2. c4 Bg7 3. e4 d6 4. d4 Nf6 5. Nc3 O-O 6. Be2 e5 7. d5 a5 8. Bg5 Na6 9. Nd2 Bd7 10. O-O h6 11. Be3 Ne8 12. a3 f5 13. f3 Nf6 14. b4 axb4 15. axb4 Nxb4 16. Qb3 Rxa1 17. Rxa1 c5 18. dxc6 Nxc6 19. c5+ Kh8 20. cxd6 Nd4 21. Qb2 Bc6 22. Nc4 fxe4 23. Nxe5 Nxe2+ 24. Qxe2 Kh7 25. Nxc6 bxc6 26. Rd1 exf3 27. gxf3 Qd7 28. Kh1 Re8 29. Qd3 Qh3 30. Bd4 Nh5 31. Bxg7 Nf4 32. Qf1 Qxf1+ 33. Rxf1 Kxg7 34. Ne4 Rd8 35. Rc1 Kf7 36. Rxc6 Ke6 37. Kg1 Ne2+ 38. Kf2 Nd4 39. Rc7 Nf5 40. d7 Ke7 41. Nc5 Nd6 42. Rc6 g5 43. Ke3 Nf5+ 44. Ke4 Nd6+ 45. Kd5 Nf5 46. Ke5 Nh4 47. Re6+ Kf7 48. Kd6 Nxf3 49. Re7+ Kf6 50. Re8 Rxd7+ 51. Nxd7+ Kf5 52. Rf8+ Ke4 53. Nf6+ Ke3 54. Ng4+ Ke2 55. Nxh6 Nxh2 56. Rg8 Nf3 57. Nf7 Ke3 58. Nxg5 Nd4 59. Re8+ Kd3 60. Kd5 Nb5 61. Rh8 Nc3+ 62. Ke5 Nb5 63. Ne4 Na7 64. Rh3+ Kc4 65. Rc3+ Kb4 66. Rc1 Nb5 67. Kd5 Na3 68. Rc8 Kb3 69. Nd2+ Kb4 70. Rb8+ Ka4 71. Kc5 Nc4 72. Kxc4 1-0

[Event "Czech Open Rapid 2019"]
[Site "Pardubice"]
[Date "2019.07.17"]
[Round "1.31"]
[White "Ptacnikova, Lenka"]
[Black "Rohan Bharat Joshi"]
[Result "1-0"]
[WhiteElo "2074"]
[BlackElo "1901"]
[Annotator "NA"]
[PlyCount "101"]
[EventDate "2019.07.17"]
[EventType "swiss"]
[EventCountry "CZE"]
[SourceTitle "playchess.com"]
[Source "ChessBase"]
[SourceQuality "1"]

1. c4 c5 2. g3 g6 3. Bg2 Bg7 4. Nc3 e6 5. Nf3 Nc6 6. d4 Nxd4 7. Nxd4 cxd4 8. Ne4 Qc7 9. c5 Ne7 10. Nd6+ Kf8 11. b4 a5 12. Nb5 Qb8 13. bxa5 Nc6 14. Bb2 Rxa5 15. a4 b6 16. cxb6 Qxb6 17. O-O Ba6 18. Bxc6 dxc6 19. Bxd4 c5 20. Bc3 Bxb5 21. Bxa5 Qxa5 22. axb5 Bxa1 23. Qxa1 Qxa1 24. Rxa1 Ke7 25. Ra7+ Kf6 26. Rc7 Rd8 27. Rxc5 Rd1+ 28. Kg2 Rb1 29. h4 h5 30. Kf3 Ke7 31. Rc7+ Kf6 32. Rb7 Rb4 33. Ke3 e5 34. Kd3 Rb2 35. Rb6+ Ke7 36. f3 Kd7 37. Ke3 Ke7 38. g4 hxg4 39. fxg4 Rb4 40. Kf3 Rf4+ 41. Kg3 Re4 42. h5 gxh5 43. gxh5 Rxe2 44. h6 Re1 45. Kg4 Rh1 46. Kf5 Rh5+ 47. Ke4 f6 48. h7 Rh4+ 49. Kf3 Kf7 50. Rb8 f5 51. h8=Q 1-0

[Event "Czech Open Rapid 2019"]
[Site "Pardubice"]
[Date "2019.07.17"]
[Round "1.32"]
[White "Mindl, Josef"]
[Black "Retinsky, Vladimir"]
[Result "0-1"]
[WhiteElo "1979"]
[BlackElo "2343"]
[Annotator "NA"]
[PlyCount "72"]
[EventDate "2019.07.17"]
[EventType "swiss"]
[EventCountry "CZE"]
[SourceTitle "playchess.com"]
[Source "ChessBase"]
[SourceQuality "1"]

1. e4 c5 2. Nf3 e6 3. c3 Nf6 4. e5 Nd5 5. d4 cxd4 6. cxd4 d6 7. Nc3 Nc6 8. exd6 Bxd6 9. Bd3 O-O 10. O-O Nxc3 11. bxc3 b6 12. Re1 Bb7 13. Bxh7+ Kxh7 14. Ng5+ Kg6 15. Qg4 f5 16. Rxe6+ Rf6 17. Qh3 Rxe6 18. Nxe6 Qh8 19. Nf4+ Bxf4 20. Qxh8 Rxh8 21. Bxf4 Re8 22. Be3 Na5 23. h3 Nc4 24. Re1 f4 25. Bd2 Rxe1+ 26. Bxe1 f3 27. gxf3 Bxf3 28. Kh2 Kf5 29. Kg3 Ke4 30. h4 b5 31. h5 Bxh5 32. f4 Bf7 33. Kg4 Ne3+ 34. Kg3 Bxa2 35. Bf2 Nf5+ 36. Kg4 a5 0-1

[Event "Czech Open Rapid 2019"]
[Site "Pardubice"]
[Date "2019.07.17"]
[Round "1.32"]
[White "Juchelka, Petr"]
[Black "Sysolyatin, Evgeny"]
[Result "0-1"]
[WhiteElo "1691"]
[BlackElo "2271"]
[Annotator "NA"]
[PlyCount "32"]
[EventDate "2019.07.17"]
[EventType "swiss"]
[EventCountry "CZE"]
[SourceTitle "playchess.com"]
[Source "ChessBase"]
[SourceQuality "1"]

1. e4 e5 2. Nf3 Nc6 3. Bc4 Bc5 4. O-O Nf6 5. Re1 d6 6. c3 Bb6 7. d3 a6 8. b4 h6 9. a4 O-O 10. Qb3 Qe7 11. Nh4 Ng4 12. Ng6 Qf6 13. Rf1 Qxg6 14. h3 Nf6 15. Be3 Nh5 16. Nd2 Bxh3 0-1

[Event "Czech Open Rapid 2019"]
[Site "Pardubice"]
[Date "2019.07.17"]
[Round "1.33"]
[White "Goriatchkin, Jouri"]
[Black "Nehyba, Martin"]
[Result "1-0"]
[WhiteElo "2316"]
[BlackElo "2090"]
[Annotator "NA"]
[PlyCount "119"]
[EventDate "2019.07.17"]
[EventType "swiss"]
[EventCountry "CZE"]
[SourceTitle "playchess.com"]
[Source "ChessBase"]
[SourceQuality "1"]

1. d4 f5 2. Nf3 Nf6 3. c4 g6 4. Nc3 Bg7 5. g3 O-O 6. Bg2 d6 7. O-O c6 8. Qc2 Na6 9. b3 Rb8 10. Bb2 Qe8 11. Rad1 h6 12. Rfe1 Qf7 13. a3 Nc7 14. e4 fxe4 15. Nxe4 Bf5 16. Nfd2 Ne6 17. Nxf6+ Qxf6 18. Ne4 Qf7 19. Qe2 Bxe4 20. Bxe4 Ng5 21. f4 Nxe4 22. Qxe4 Rbe8 23. Qe6 Qxe6 24. Rxe6 Kf7 25. Re2 e6 26. Kg2 h5 27. Bc3 Rd8 28. Be1 Rfe8 29. Bf2 b6 30. Kf3 Bf6 31. h3 Be7 32. b4 Bf8 33. g4 hxg4+ 34. hxg4 Bg7 35. Rc2 Rh8 36. b5 c5 37. dxc5 dxc5 38. Rcd2 Rxd2 39. Rxd2 Rh3+ 40. Bg3 Bd4 41. Kg2 Rh8 42. a4 Rd8 43. Kf3 Bf6 44. Rxd8 Bxd8 45. Ke4 Bf6 46. f5 gxf5+ 47. gxf5 Bd8 48. Bb8 Kf6 49. Be5+ Kf7 50. Bg3 Bf6 51. Bb8 Bd8 52. Bxa7 Bc7 53. a5 bxa5 54. b6 Bd6 55. b7 Kf6 56. fxe6 Kxe6 57. b8=Q Bxb8 58. Bxb8 a4 59. Be5 a3 60. Bg3 1-0

[Event "Czech Open Rapid 2019"]
[Site "Pardubice"]
[Date "2019.07.17"]
[Round "1.33"]
[White "Escobar Medina, Andres F"]
[Black "Dolensky, Filip"]
[Result "1-0"]
[WhiteElo "2296"]
[BlackElo "1609"]
[Annotator "NA"]
[PlyCount "71"]
[EventDate "2019.07.17"]
[EventType "swiss"]
[EventCountry "CZE"]
[SourceTitle "playchess.com"]
[Source "ChessBase"]
[SourceQuality "1"]

1. e4 c5 2. Nf3 a6 3. c4 Nc6 4. d4 cxd4 5. Nxd4 e5 6. Nc2 d6 7. Be2 Be6 8. Nc3 Nf6 9. O-O Be7 10. b3 O-O 11. a4 Qb6 12. Rb1 Rac8 13. Be3 Qc7 14. f3 Nd7 15. Qd2 Qd8 16. Nd5 Nc5 17. Rfd1 Bxd5 18. cxd5 Nb8 19. Na3 Nbd7 20. Nc4 f5 21. exf5 Rxf5 22. a5 Nf8 23. Nb6 Rc7 24. b4 Ncd7 25. Bd3 Rf7 26. Rbc1 Ng6 27. Rxc7 Qxc7 28. Rc1 Nc5 29. bxc5 dxc5 30. Bxg6 hxg6 31. d6 Bxd6 32. Qd5 e4 33. fxe4 Bxh2+ 34. Kh1 Kh8 35. Qxc5 Qg3 36. Qc8+ 1-0

[Event "Czech Open Rapid 2019"]
[Site "Pardubice"]
[Date "2019.07.17"]
[Round "1.34"]
[White "Medvedyk, Volodymyr"]
[Black "Turner, Jan"]
[Result "0-1"]
[WhiteElo "2197"]
[BlackElo "2330"]
[Annotator "NA"]
[PlyCount "88"]
[EventDate "2019.07.17"]
[EventType "swiss"]
[EventCountry "CZE"]
[SourceTitle "playchess.com"]
[Source "ChessBase"]
[SourceQuality "1"]

1. c4 Nf6 2. g3 e6 3. Bg2 d5 4. d4 Be7 5. Nf3 O-O 6. O-O dxc4 7. Qc2 a6 8. a4 Nc6 9. Qxc4 Qd5 10. Na3 Qxc4 11. Nxc4 Rd8 12. Rd1 h6 13. b3 Rb8 14. Bb2 Bd7 15. Nfe5 Be8 16. Rac1 Nb4 17. Na5 c6 18. e3 Nfd5 19. h4 f6 20. Nf3 Bg6 21. Ne1 Na2 22. Ra1 Nac3 23. Rd2 Bb4 24. Nc4 b5 25. axb5 axb5 26. Na5 Rdc8 27. Nd3 Bf8 28. Nc5 Bxc5 29. dxc5 Ne4 30. Rc2 Nxg3 31. Rcc1 Ne2+ 32. Kf1 Nxc1 33. Rxc1 Rc7 34. Ba3 b4 35. Bb2 Ra8 36. Nc4 Bd3+ 37. Ke1 Ra2 38. Ra1 Rxa1+ 39. Bxa1 Ra7 40. Bd4 e5 41. Bb2 Ra2 42. Bxd5+ cxd5 43. c6 dxc4 44. c7 Bf5 0-1

[Event "Czech Open Rapid 2019"]
[Site "Pardubice"]
[Date "2019.07.17"]
[Round "1.34"]
[White "Voriskova, Anna"]
[Black "Chudinovskikh, Alexander M"]
[Result "0-1"]
[WhiteElo "1675"]
[BlackElo "2152"]
[Annotator "NA"]
[PlyCount "56"]
[EventDate "2019.07.17"]
[EventType "swiss"]
[EventCountry "CZE"]
[SourceTitle "playchess.com"]
[Source "ChessBase"]
[SourceQuality "1"]

1. e4 g6 2. d4 Bg7 3. Nf3 c6 4. Nc3 d5 5. exd5 cxd5 6. Be2 Bg4 7. O-O Nc6 8. Be3 e6 9. h3 Bxf3 10. Bxf3 Nge7 11. Qd2 Nf5 12. Ne2 Nh4 13. Bg4 h5 14. Bf3 Nxf3+ 15. gxf3 Ne7 16. Kh1 Nf5 17. Rg1 Qd7 18. c4 dxc4 19. Rac1 Qd5 20. Nf4 Qxf3+ 21. Kh2 b5 22. b3 Rc8 23. Rc3 Qe4 24. Ng2 O-O 25. f3 Qxf3 26. Bf4 Qd5 27. Ne3 Qxd4 28. Nxf5 exf5 0-1